00393nam a2200145Ia 4500008004100000040001900041041001200060082002500072245004300097260003100140300001800171650002000189700002000209850001800229131103s9999 xx 000 0 und d aLoreto College aEnglish a895/TZUbLCLIB/28268 aTao te chingcTranslated by Chu Ta Kao aLondonbGeorge Allenc1959 a95p. c 19cm. aChinese poetry aKao Chu Ta; tr. aLCLIB/895/TZU